000 00485pab a2200193 454500
008 180718b2011 xxu||||| |||| 00| 0 eng d
100 _aJeelani, S.
245 _aFaculty shortage in higher educational institutions
260 _c2011
300 _ap.1-3.
362 _a19 Dec
650 _aTeachers
650 _aEducational institutions
650 _aHigher education
650 _aAcademic teaching personnel
773 _aUniversity News
908 _aN
909 _a94617
999 _c94617
_d94617